वपुर्झा भाग - 2 (Record no. 144522)

MARC details
000 -LEADER
fixed length control field 00638nam a2200181Ia 4500
008 - FIXED-LENGTH DATA ELEMENTS--GENERAL INFORMATION
fixed length control field 090124s9999 xx 000 0 und d
082 ## - DEWEY DECIMAL CLASSIFICATION NUMBER
Item number 31042
Classification number 2025
100 ## - MAIN ENTRY--PERSONAL NAME
Personal name काळे व.पु. (वसंत पुरुषोत्तम)
245 ## - TITLE STATEMENT
Title वपुर्झा भाग - 2
250 ## - EDITION STATEMENT
Edition statement 1
260 ## - PUBLICATION, DISTRIBUTION, ETC. (IMPRINT)
Date of publication, distribution, etc 2001
300 ## - PHYSICAL DESCRIPTION
Extent 127
600 ## - SUBJECT ADDED ENTRY--PERSONAL NAME
Personal name काळे व.पु. (वसंत पुरुषोत्तम)
630 ## - SUBJECT ADDED ENTRY--UNIFORM TITLE
Uniform title वपुर्झा भाग - 2
700 ## - ADDED ENTRY--PERSONAL NAME
Personal name काळे व.पु. (वसंत पुरुषोत्तम)
730 ## - ADDED ENTRY--UNIFORM TITLE
Uniform title वपुर्झा भाग - 2
942 ## - ADDED ENTRY ELEMENTS (KOHA)
Koha item type Book
Holdings
Withdrawn status Lost status Damaged status Not for loan Home library Current library Date acquired Cost, normal purchase price Total Checkouts Full call number Barcode Date last seen Cost, replacement price Price effective from Koha item type
        Marathi Granth Sangrahalaya,Thane Marathi Granth Sangrahalaya,Thane   80.00   31042 THNMGS-31042 01/24/2009 80.00 01/24/2009 Book